000 00565nam a2200217Ia 4500
003 OSt
005 20220928141709.0
006 a|||||r|||| 00| 0
007 ta
008 220927b |||||||| |||| 00| 0 eng d
024 _a16883
037 _cTextual
040 _aSDCL
_cSDCL
_beng
041 _2eng
_aeng
082 _aP15, M3
100 _aLenman Charles Rockwell
_9501641
245 0 _aSanskrit reader
_b With vocabulary and notes.
260 _c1983
942 _hP15, M3
_cTEXL
_2CC
999 _c819215
_d819215